000
00310nam a22001337a 4500
008
171012b xxu||||| |||| 00| 0 eng d
020
_a
2900073380079
041
_a
eng
080
_2
7TH
_a
316
100
_a
50
101
_a
SOC
245
_a
SOCIAL STRATIFICATION AND INEQUALITY
_c
KERBO,H.R
942
_2
udc
_c
BK
999
_c
33539
_d
33539